|
|
|
|
| LEADER |
00000nam0a2200000 4500 |
| 001 |
38033 |
| 005 |
20231031004853.0 |
| 035 |
|
|
|a (RuTPU)RU\TPU\book\38651
|
| 090 |
|
|
|a 38033
|
| 100 |
|
|
|a 20020215d1984 km y0rusy50 ca
|
| 101 |
0 |
|
|a rus
|
| 102 |
|
|
|a UA
|
| 105 |
|
|
|a a z 001zy
|
| 200 |
1 |
|
|a Оптико-электронные поляризационные устройства
|f А. И. Ванюрихин, В. П. Герчановская
|
| 210 |
|
|
|a Киев
|c Технiка
|d 1984
|
| 215 |
|
|
|a 160 с.
|c ил.
|
| 320 |
|
|
|a Библиогр.: с. 154-158.
|
| 610 |
1 |
|
|a электроника
|
| 610 |
1 |
|
|a оптико-электронные устройства
|
| 610 |
1 |
|
|a поляризационные устройства
|
| 610 |
1 |
|
|a поляризаторы
|
| 610 |
1 |
|
|a модуляторы
|
| 610 |
1 |
|
|a дефлекторы
|
| 610 |
1 |
|
|a эллипсомеры
|
| 610 |
1 |
|
|a дихрографы
|
| 610 |
1 |
|
|a свет
|
| 610 |
1 |
|
|a поляризация
|
| 675 |
|
|
|a 621.383
|v 3
|
| 700 |
|
1 |
|a Ванюрихин
|b А. И.
|g Александр Иванович
|
| 701 |
|
1 |
|a Герчановская
|b В. П.
|g Виктория Петровна
|
| 801 |
|
1 |
|a RU
|b 63413507
|c 20020215
|g PSBO
|
| 801 |
|
2 |
|a RU
|b 63413507
|c 20130318
|g PSBO
|
| 900 |
|
|
|a Оптические материалы и технология
|
| 942 |
|
|
|c BK
|